000 00440nam a2200193Ia 4500
008 101110s9999 xx 000 0 und d
041 _aENGLISH
082 _bSR89
100 _aDavar Rustan S.
245 _aThird Five Year Plan
365 _b10
520 _aEconomics
546 _aENGLISH
630 _aThird Five Year Plan
650 _aEconomics
655 _aEconomics
730 _aThird Five Year Plan
942 _cBOOK
999 _c797511
_d797508